[Event "Titled Tuesday intern op 02nd Apr Early"]
[Site "Chess.com INT"]
[Date "2024.04.02"]
[Round "10"]
[White "Martins, Vinicius Tine"]
[Black "Kislinsky, Alexey"]
[Result "1-0"]
[WhiteElo "2263"]
[BlackElo "2355"]
[PlyCount "99"]
[EventDate "2024.04.02"]
[EventType "swiss (blitz)"]
[EventRounds "11"]
[EventCountry "USA"]
[SourceTitle "CB15_2024"]
[SourceDate "2024.04.10"]
[SourceVersion "1"]
[SourceVersionDate "2024.04.10"]
[SourceQuality "1"]

1. d4 Nf6 2. Nf3 g6 3. Bf4 Bg7 4. c4 0-0 5. e3 d6 6. h3 Nbd7 7. Nc3 b6 8. Be2 Bb7 9. 0-0 Qe8 10. Bh2 e5 11. Qc2 Qe7 12. Rfd1 Nh5 13. dxe5 Nxe5 14. Nxe5 Bxe5 15. Nd5 Bxh2+ 16. Kxh2 Bxd5 17. Rxd5 Nf6 18. Rd4 a5 19. Bf3 Rad8 20. g3 Nd7 21. Bg2 Ne5 22. Rad1 h5 23. b3 Nd7 24. Kg1 Nc5 25. Bd5 Kg7 26. Qc3 Qf6 27. Qd2 Rfe8 28. Rf4 Qe5 29. Rxf7+ Kh6 30. e4+ Qg5 31. Rh7+ Kxh7 32. Qxg5 Kg7 33. Qc1 Ne6 34. Bxe6 Rxe6 35. f3 Rf8 36. Kg2 Ref6 37. Rd3 Kh7 38. f4 Re8 39. Re3 Rfe6 40. Qc2 Kg7 41. Qc3+ Kh7 42. Qd4 Kg8 43. e5 Kh7 44. Qd5 Kg7 45. Qc6 dxe5 46. Qxc7+ R8e7 47. Qd8 exf4 48. Qxe7+ Rxe7 49. Rxe7+ Kf6 50. Rb7 1-0

[Event "Titled Tuesday intern op 04th Jul Early"]
[Site "Chess.com INT"]
[Date "2023.07.04"]
[Round "1"]
[White "Zhigalko, Sergei"]
[Black "Martins, Vinicius Tine"]
[Result "1-0"]
[WhiteElo "2572"]
[BlackElo "2212"]
[PlyCount "107"]
[EventDate "2023.07.04"]
[EventType "swiss (blitz)"]
[EventRounds "11"]
[EventCountry "USA"]
[SourceTitle "EXT 2024"]
[Source "ChessBase"]
[SourceDate "2023.10.10"]
[SourceVersion "1"]
[SourceVersionDate "2023.10.10"]
[SourceQuality "1"]

1. e4 c5 2. Nf3 Nc6 3. c3 d5 4. exd5 Qxd5 5. d4 e6 6. Na3 Nf6 7. Be3 cxd4 8. Nb5 Qd8 9. Nbxd4 Bd7 10. Nxc6 Bxc6 11. Ne5 Qc7 12. Nxc6 Qxc6 13. Qb3 a6 14. 0-0-0 Be7 15. Be2 Qxg2 16. Rhg1 Qc6 17. Rxg7 Nd5 18. Bf3 Bf6 19. Rxd5 exd5 20. Bxd5 Qb5 21. Qxb5+ axb5 22. Rxf7 Be7 23. Bd4 Rf8 24. Rxh7 Bf6 25. Bxb7 Bxd4 26. Bxa8 Bxf2 27. Bc6+ Kd8 28. Bxb5 Be3+ 29. Kd1 Rf2 30. Be2 Rg2 31. a4 Rg1+ 32. Kc2 Rg2 33. Kd3 Bg1 34. h3 Rg3+ 35. Kc4 Rg2 36. Kd3 Rg3+ 37. Kd2 Be3+ 38. Kc2 Rg2 39. Kd3 Bg1 40. b4 Rg3+ 41. Kd2 Be3+ 42. Kc2 Bf2 43. Bg4 Be1 44. Rd7+ Ke8 45. Rd3 Rg2+ 46. Kb3 Bd2 47. a5 Bc1 48. a6 Rb2+ 49. Kc4 Ra2 50. Kb5 Bb2 51. c4 Ba3 52. c5 Bxb4 53. Kxb4 Rxa6 54. Kb5 1-0

[Event "Titled Tuesday intern op 13th Jun Late"]
[Site "Chess.com INT"]
[Date "2023.06.13"]
[Round "7"]
[White "Gasparyan, Davit"]
[Black "Martins, Vinicius Tine"]
[Result "1/2-1/2"]
[WhiteElo "2142"]
[BlackElo "2212"]
[PlyCount "163"]
[EventDate "2023.06.13"]
[EventType "swiss (blitz)"]
[EventRounds "11"]
[EventCountry "USA"]
[SourceTitle "EXT 2024"]
[Source "ChessBase"]
[SourceDate "2023.10.10"]
[SourceVersion "1"]
[SourceVersionDate "2023.10.10"]
[SourceQuality "1"]

1. Nf3 d5 2. g3 g6 3. Bg2 Bg7 4. d4 c6 5. 0-0 Nd7 6. Bf4 Ngf6 7. Ne5 0-0 8. Nd2 Nxe5 9. Bxe5 Nd7 10. Bxg7 Kxg7 11. c4 dxc4 12. Nxc4 Nb6 13. Ne3 Be6 14. Qd3 Qd6 15. Rfd1 Rfd8 16. Rac1 Rd7 17. Qc3 f6 18. Qa5 Nd5 19. Nc4 Qc7 20. a3 Qxa5 21. Nxa5 Nb6 22. e3 Rad8 23. Rd3 Bf5 24. Rb3 e5 25. e4 Be6 26. d5 cxd5 27. exd5 Bxd5 28. Bxd5 Rxd5 29. Nxb7 R8d7 30. Nc5 Re7 31. Na6 Rd2 32. Kf1 e4 33. Ke1 Rd8 34. Rbc3 Nd5 35. Rc8 Rd6 36. R1c6 Rxc6 37. Rxc6 e3 38. fxe3 Nxe3 39. Kf2 Nd1+ 40. Kf3 Nxb2 41. Rc7 Rxc7 42. Nxc7 Nc4 43. Nb5 a6 44. Nc7 Nxa3 45. Nxa6 Nc4 46. Nc5 Ne5+ 47. Kg2 h5 48. Ne6+ Kf7 49. Nd4 Ke7 50. h3 Kd6 51. Kf2 Kd5 52. Nc2 Ke4 53. Na3 Kd3 54. Nb5 f5 55. Nc7 Kd4 56. Ne6+ Kd5 57. Nf4+ Kd6 58. Ne2 Ke6 59. Nd4+ Kf6 60. Ne2 g5 61. Ke3 Ng6 62. Nd4 h4 63. gxh4 Nxh4 64. Ne2 Ng6 65. Nd4 Ke5 66. Nc6+ Ke6 67. Nd4+ Kf6 68. Nc6 Nf4 69. h4 Ng2+ 70. Kf3 Nxh4+ 71. Kg3 Ng6 72. Nd4 Ne5 73. Ne2 f4+ 74. Nxf4 Kf5 75. Ne2 g4 76. Nd4+ Kg5 77. Ne6+ Kf5 78. Nd4+ Ke4 79. Ne2 Ke3 80. Nf4 Ke4 81. Ne2 Kf5 82. Nd4+ 1/2-1/2

[Event "Titled Tuesday intern op 13th Jun Late"]
[Site "Chess.com INT"]
[Date "2023.06.13"]
[Round "2"]
[White "Martins, Vinicius Tine"]
[Black "Szente Varga, Fruzsina"]
[Result "1-0"]
[WhiteElo "2212"]
[BlackElo "2075"]
[PlyCount "117"]
[EventDate "2023.06.13"]
[EventType "swiss (blitz)"]
[EventRounds "11"]
[EventCountry "USA"]
[SourceTitle "EXT 2024"]
[Source "ChessBase"]
[SourceDate "2023.10.10"]
[SourceVersion "1"]
[SourceVersionDate "2023.10.10"]
[SourceQuality "1"]

1. e4 e5 2. Nf3 Nc6 3. Bb5 a6 4. Ba4 Nf6 5. 0-0 Be7 6. Bxc6 dxc6 7. d3 Bg4 8. Be3 0-0 9. h3 Bxf3 10. Qxf3 c5 11. Nd2 b5 12. a4 Qd7 13. Qg3 Qe6 14. b3 Kh8 15. Ra2 h6 16. Rfa1 b4 17. Nc4 Bd6 18. Rf1 Nh5 19. Qg4 Qxg4 20. hxg4 Nf4 21. Re1 Ne6 22. g3 g5 23. Kg2 Kg7 24. Rh1 Kg6 25. Raa1 Rh8 26. Rh2 Rh7 27. Rah1 Rah8 28. Rh5 Ng7 29. R5h2 h5 30. gxh5+ Rxh5 31. Rxh5 Rxh5 32. Re1 g4 33. Bc1 Be7 34. Rh1 Rxh1 35. Kxh1 Ne6 36. Nxe5+ Kh5 37. Be3 f6 38. Nc6 Bd6 39. a5 Kg6 40. Nb8 f5 41. exf5+ Kxf5 42. Nxa6 c6 43. Kg2 Ke5 44. f3 gxf3+ 45. Kxf3 Kd5 46. g4 Nd4+ 47. Bxd4 Kxd4 48. Ke2 Kc3 49. Kd1 Kd4 50. Kd2 Bf4+ 51. Ke2 Bd6 52. g5 Ke5 53. d4+ cxd4 54. Kd3 Kd5 55. g6 Be5 56. Nxb4+ Kc5 57. a6 Kb6 58. a7 Kxa7 59. Nxc6+ 1-0

[Event "Titled Tuesday intern op 16th May Early"]
[Site "Chess.com INT"]
[Date "2023.05.16"]
[Round "6"]
[White "Martins, Vinicius Tine"]
[Black "Buscar, Michael"]
[Result "0-1"]
[WhiteElo "2254"]
[BlackElo "2041"]
[PlyCount "74"]
[EventDate "2023.05.16"]
[EventType "swiss (blitz)"]
[EventRounds "11"]
[EventCountry "USA"]
[SourceTitle "CBM 214 Extra"]
[Source "ChessBase"]
[SourceDate "2023.07.31"]
[SourceVersion "1"]
[SourceVersionDate "2023.07.31"]
[SourceQuality "1"]

1. e4 c5 2. Nf3 Nc6 3. Bb5 Nf6 4. Nc3 g6 5. e5 Ng4 6. Bxc6 bxc6 7. Qe2 Nh6 8. Qe3 Qa5 9. Ne4 c4 10. Qe2 Ba6 11. 0-0 Bg7 12. Nf6+ Kd8 13. Ne4 Bxe5 14. Nxe5 Qxe5 15. f4 Qd4+ 16. Kh1 Nf5 17. Nc3 h5 18. g3 h4 19. Kg2 h3+ 20. Kh1 Bb7 21. Qf2 c5+ 22. Kg1 Nxg3 23. Re1 Nf5 24. Qxd4 cxd4 25. Ne4 Rh4 26. d3 Rg4+ 27. Kf1 cxd3 28. cxd3 Nh4 29. Ng3 Nf3 30. Re2 Nxh2+ 31. Rxh2 Rxg3 32. Kf2 Rg2+ 33. Rxg2 Bxg2 34. Bd2 Rc8 35. Rc1 Rxc1 36. Bxc1 Bd5 37. b3 h2 0-1

[Event "Titled Tuesday intern op 16th May Early"]
[Site "Chess.com INT"]
[Date "2023.05.16"]
[Round "2"]
[White "Martins, Vinicius Tine"]
[Black "Smietanska, Wiktoria"]
[Result "1-0"]
[WhiteElo "2254"]
[BlackElo "1936"]
[PlyCount "61"]
[EventDate "2023.05.16"]
[EventType "swiss (blitz)"]
[EventRounds "11"]
[EventCountry "USA"]
[SourceTitle "CBM 214 Extra"]
[Source "ChessBase"]
[SourceDate "2023.07.31"]
[SourceVersion "1"]
[SourceVersionDate "2023.07.31"]
[SourceQuality "1"]

1. e4 c5 2. Nf3 d6 3. Bb5+ Nd7 4. c3 Ngf6 5. Qe2 a6 6. Ba4 b5 7. Bc2 Bb7 8. 0-0 e6 9. d4 cxd4 10. cxd4 Be7 11. a3 0-0 12. Nc3 e5 13. Rd1 Qc7 14. Bg5 h6 15. Bh4 Rac8 16. Rac1 Qb6 17. dxe5 Nxe5 18. Nd4 Nc4 19. Bb3 Rfe8 20. Nf5 Bf8 21. Nxh6+ Kh7 22. Bxf6 gxh6 23. Bc2 Ne5 24. Kh1 d5 25. exd5+ Ng6 26. Qf3 Bd6 27. Bd4 Qc7 28. Ne4 Be5 29. Nf6+ Bxf6 30. Qxf6 Rg8 31. Bxg6+ 1-0

[Event "Tata Steel Qualifier 85th"]
[Site "Wijk aan Zee"]
[Date "2023.01.23"]
[Round "4"]
[White "Martins, Vinicius Tine"]
[Black "Zwirs, Nico"]
[Result "0-1"]
[WhiteElo "2320"]
[BlackElo "2467"]
[PlyCount "88"]
[EventDate "2023.01.20"]
[EventType "tourn"]
[EventRounds "9"]
[EventCountry "NED"]
[EventCategory "5"]
[SourceTitle "CBM 212 Extra"]
[Source "ChessBase"]
[SourceDate "2023.03.31"]
[SourceVersion "1"]
[SourceVersionDate "2023.03.31"]
[SourceQuality "1"]

1. Nf3 d5 2. e3 Nf6 3. b3 e6 4. Bb2 Bd6 5. c4 0-0 6. Nc3 c6 7. Qc2 e5 8. cxd5 cxd5 9. Nb5 Nc6 10. Nxd6 Qxd6 11. Rc1 Bg4 12. h3 Bxf3 13. gxf3 Rac8 14. h4 Ne7 15. Qb1 Rxc1+ 16. Qxc1 Rc8 17. Qb1 d4 18. Bh3 Rd8 19. Qc2 Qd5 20. Bg2 Rc8 21. Qb1 Qb5 22. Bh3 Rd8 23. Qc2 Nc6 24. a3 Qd5 25. Bg2 Na5 26. b4 Nc4 27. 0-0 d3 28. Qc1 b5 29. Bc3 Rd6 30. Qa1 Nd7 31. f4 Rg6 32. f3 exf4 33. e4 Qe6 34. Qe1 Qh3 35. Rf2 Nde5 36. Bxe5 Nxe5 37. Qd1 h5 38. Kf1 Qxh4 39. Qa1 Qg5 40. Ke1 Qf6 41. Qc3 Nc4 42. Qc1 Qd4 43. Bf1 Rg1 44. Rh2 g6 0-1

[Event "Tata Steel Qualifier 85th"]
[Site "Wijk aan Zee"]
[Date "2023.01.22"]
[Round "3"]
[White "Martins, Vinicius Tine"]
[Black "De Winter, Arthur"]
[Result "1/2-1/2"]
[WhiteElo "2320"]
[BlackElo "2371"]
[PlyCount "76"]
[EventDate "2023.01.20"]
[EventType "tourn"]
[EventRounds "9"]
[EventCountry "NED"]
[EventCategory "5"]
[SourceTitle "CBM 212 Extra"]
[Source "ChessBase"]
[SourceDate "2023.03.31"]
[SourceVersion "1"]
[SourceVersionDate "2023.03.31"]
[SourceQuality "1"]

1. Nf3 Nf6 2. c4 g6 3. b3 Bg7 4. Bb2 0-0 5. g3 d6 6. Bg2 e5 7. d3 c5 8. 0-0 Nc6 9. Nc3 h6 10. Nd2 Be6 11. Nd5 Bxd5 12. cxd5 Nb4 13. Ne4 Nfxd5 14. Nd2 e4 15. Bxg7 Kxg7 16. Nxe4 f5 17. a3 Nc6 18. Ng5 hxg5 19. Bxd5 Rc8 20. Qd2 Qf6 21. b4 b6 22. Bxc6 Rxc6 23. b5 Rc7 24. a4 a5 25. bxa6 Ra8 26. Rfb1 Rxa6 27. Ra2 Rca7 28. Rab2 d5 29. Qc1 Rc7 30. d4 Qxd4 31. Rxb6 Rxb6 32. Rxb6 c4 33. a5 f4 34. Qb1 Qe4 35. Qxe4 dxe4 36. gxf4 c3 37. Rb1 gxf4 38. Kg2 Kf6 1/2-1/2

[Event "Joao Pessoa Fischer Memorial 11th"]
[Site "Joao Pessoa"]
[Date "2022.05.08"]
[Round "6"]
[White "Alves Campelo, Danilo Cesar De"]
[Black "Martins, Vinicius Tine"]
[Result "0-1"]
[WhiteElo "2044"]
[BlackElo "2313"]
[PlyCount "69"]
[EventDate "2022.05.06"]
[EventType "swiss"]
[EventRounds "6"]
[EventCountry "BRA"]
[SourceTitle "EXT 2023"]
[Source "ChessBase"]
[SourceDate "2022.10.05"]
[SourceVersion "1"]
[SourceVersionDate "2022.10.05"]
[SourceQuality "1"]

1. Nf3 d5 2. g3 Nf6 3. Bg2 e6 4. 0-0 Be7 5. d3 b6 6. Nbd2 Bb7 7. c3 0-0 8. Re1 Nbd7 9. e4 Nc5 10. e5 Nxd3 11. exf6 Nxe1 12. fxe7 Nxf3+ 13. Nxf3 Qxe7 14. Qe2 c5 15. h4 f6 16. h5 e5 17. Nh4 Qe6 18. Kh2 Rae8 19. Bd2 Rf7 20. Bh3 f5 21. Nf3 h6 22. Re1 e4 23. Bf4 Qf6 24. Nh4 Bc8 25. Ng6 Rd7 26. Bf1 Rdd8 27. Rd1 d4 28. cxd4 cxd4 29. Qc4+ Be6 30. Qa4 d3 31. Qxa7 Qxb2 32. Be5 Qxf2+ 33. Bg2 Rd7 34. Qa3 Qe2 35. Bf4 0-1

[Event "Joao Pessoa Fischer Memorial 11th"]
[Site "Joao Pessoa"]
[Date "2022.05.07"]
[Round "3"]
[White "Martins, Vinicius Tine"]
[Black "De Lima, Alan Silva"]
[Result "1-0"]
[WhiteElo "2313"]
[BlackElo "1939"]
[PlyCount "47"]
[EventDate "2022.05.06"]
[EventType "swiss"]
[EventRounds "6"]
[EventCountry "BRA"]
[SourceTitle "EXT 2023"]
[Source "ChessBase"]
[SourceDate "2022.10.05"]
[SourceVersion "1"]
[SourceVersionDate "2022.10.05"]
[SourceQuality "1"]

1. d4 d5 2. Nf3 Nf6 3. c4 e6 4. Nc3 Be7 5. Bg5 Nbd7 6. e3 0-0 7. Qc2 h6 8. Bh4 c6 9. Bd3 Re8 10. 0-0 Nf8 11. Ne5 Nh5 12. Qe2 Nf6 13. f4 c5 14. Rad1 cxd4 15. exd4 dxc4 16. Bxc4 Qb6 17. f5 N8h7 18. Bf2 Qa5 19. fxe6 fxe6 20. Rd3 Bd6 21. Bh4 Nd5 22. Qh5 Ndf6 23. Qe2 Rf8 24. Rdd1 1-0

[Event "Joao Pessoa Fischer Memorial 11th"]
[Site "Joao Pessoa"]
[Date "2022.05.07"]
[Round "4"]
[White "Rocha, Vitor Firmo de Souz"]
[Black "Martins, Vinicius Tine"]
[Result "1/2-1/2"]
[WhiteElo "2142"]
[BlackElo "2313"]
[PlyCount "87"]
[EventDate "2022.05.06"]
[EventType "swiss"]
[EventRounds "6"]
[EventCountry "BRA"]
[SourceTitle "EXT 2023"]
[Source "ChessBase"]
[SourceDate "2022.10.05"]
[SourceVersion "1"]
[SourceVersionDate "2022.10.05"]
[SourceQuality "1"]

1. e4 e5 2. Nf3 Nc6 3. Bb5 Nf6 4. 0-0 Nxe4 5. d4 Nd6 6. Bxc6 dxc6 7. dxe5 Nf5 8. Qxd8+ Kxd8 9. Nc3 Bd7 10. Rd1 Kc8 11. b3 Be7 12. Bb2 a5 13. h3 h5 14. Rd2 Rg8 15. Rad1 Be6 16. Ne4 a4 17. Neg5 Bxg5 18. Nxg5 axb3 19. axb3 h4 20. c4 c5 21. Kh2 b6 22. g4 hxg3+ 23. fxg3 Rh8 24. Rf1 Ra2 25. Rff2 Rd8 26. Rxd8+ Kxd8 27. g4 Ne3 28. Nxe6+ fxe6 29. Kg3 Ke8 30. Bc1 Rxf2 31. Kxf2 Nc2 32. Bb2 Nb4 33. Ke3 Nc6 34. Bc3 g5 35. Ke4 Kf7 36. Kd3 Kg6 37. Ke4 Kh6 38. Kd3 Kg7 39. Ke4 Kg6 40. Kd3 Kh6 41. Ke4 Ne7 42. Bd2 Kg6 43. Kd3 Nc6 44. Bc3 1/2-1/2

[Event "Titled Tuesday intern op 14th Dec"]
[Site "Chess.com INT"]
[Date "2021.12.14"]
[Round "3"]
[White "Kosakowski, Jakub"]
[Black "Martins, Vinicius Tine"]
[Result "1-0"]
[WhiteElo "2437"]
[BlackElo "2313"]
[PlyCount "89"]
[EventDate "2021.12.14"]
[EventType "swiss (blitz)"]
[EventRounds "11"]
[EventCountry "USA"]
[SourceTitle "EXT 2023"]
[Source "ChessBase"]
[SourceDate "2022.10.05"]
[SourceVersion "1"]
[SourceVersionDate "2022.10.05"]
[SourceQuality "1"]

1. Nf3 Nf6 2. c4 e6 3. g3 b6 4. Bg2 Bb7 5. 0-0 c5 6. Nc3 Be7 7. d4 cxd4 8. Qxd4 d6 9. Rd1 a6 10. Ng5 Bxg2 11. Kxg2 Qc7 12. Nge4 Nbd7 13. b3 b5 14. Ba3 bxc4 15. Nxd6+ Bxd6 16. Bxd6 Qc6+ 17. Kg1 Rd8 18. bxc4 Nb6 19. c5 Nc8 20. Rab1 Nxd6 21. cxd6 0-0 22. Rb6 Qc8 23. e4 e5 24. Qd3 a5 25. Nd5 Nxd5 26. Qxd5 a4 27. d7 Qc2 28. Rc6 Qe2 29. Rc8 h5 30. h4 Rxc8 31. dxc8Q Rxc8 32. Rb1 g6 33. Kg2 a3 34. Rb7 Rf8 35. Ra7 Qb2 36. Rb7 Qc2 37. Re7 Qb2 38. Rxe5 Qb4 39. Rg5 Kg7 40. e5 Re8 41. g4 hxg4 42. h5 Qf4 43. hxg6 Qxg5 44. Qxf7+ Kh6 45. Qh7# 1-0

[Event "Titled Tuesday intern op 16th Nov"]
[Site "Chess.com INT"]
[Date "2021.11.16"]
[Round "7"]
[White "Martins, Vinicius Tine"]
[Black "Samadov, Read"]
[Result "0-1"]
[WhiteElo "2305"]
[BlackElo "2375"]
[PlyCount "52"]
[EventDate "2021.11.16"]
[EventType "swiss (blitz)"]
[EventRounds "11"]
[EventCountry "USA"]
[SourceTitle "CBM 205 Extra"]
[Source "ChessBase"]
[SourceDate "2022.01.31"]
[SourceVersion "1"]
[SourceVersionDate "2022.01.31"]
[SourceQuality "1"]

1. e4 e6 2. d4 d5 3. Nd2 Nf6 4. Bd3 c5 5. dxc5 Bxc5 6. Qe2 Nc6 7. Ngf3 h6 8. c3 Bb6 9. exd5 Nxd5 10. Nc4 Bc7 11. 0-0 0-0 12. Rd1 Qe7 13. Qe4 f5 14. Qe2 Qf6 15. Ne3 Nf4 16. Qe1 e5 17. Bc4+ Kh8 18. g3 e4 19. Nh4 Ne5 20. Be2 Nxe2+ 21. Qxe2 Be6 22. Qh5 f4 23. Nd5 Bxd5 24. Bxf4 Bf7 25. Bxe5 Bxh5 26. Bxf6 Bxd1 0-1

[Event "Titled Tuesday intern op 16th Nov"]
[Site "Chess.com INT"]
[Date "2021.11.16"]
[Round "6"]
[White "Tristan, Leonardo"]
[Black "Martins, Vinicius Tine"]
[Result "1/2-1/2"]
[WhiteElo "2535"]
[BlackElo "2305"]
[PlyCount "85"]
[EventDate "2021.11.16"]
[EventType "swiss (blitz)"]
[EventRounds "11"]
[EventCountry "USA"]
[SourceTitle "CBM 205 Extra"]
[Source "ChessBase"]
[SourceDate "2022.01.31"]
[SourceVersion "1"]
[SourceVersionDate "2022.01.31"]
[SourceQuality "1"]

1. d4 d5 2. Nf3 c6 3. Bf4 Bf5 4. e3 e6 5. c4 Bd6 6. Bxd6 Qxd6 7. Nc3 Nd7 8. Be2 Ngf6 9. 0-0 0-0 10. c5 Qc7 11. b4 a6 12. a4 e5 13. Qb3 Bg4 14. h3 Bh5 15. Qb2 Bxf3 16. Bxf3 exd4 17. exd4 Qf4 18. Ne2 Qf5 19. b5 Rab8 20. Rfb1 Rfe8 21. Qc1 Nf8 22. bxc6 bxc6 23. Rb6 Ne6 24. Rab1 Rbc8 25. h4 h6 26. Rxa6 g5 27. hxg5 Nxg5 28. Rb3 Nfe4 29. Qf4 Qxf4 30. Nxf4 Nd2 31. Re3 Rb8 32. Rb6 Ra8 33. Rxc6 Reb8 34. Rb6 Rxb6 35. cxb6 Rxa4 36. Re8+ Kh7 37. Kh2 Nf1+ 38. Kg1 Ra1 39. Bxd5 Ne3+ 40. Kh2 Nf1+ 41. Kg1 Ne3+ 42. Kh2 Nf1+ 43. Kg1 1/2-1/2

[Event "Titled Tuesday intern op 02nd Nov"]
[Site "Chess.com INT"]
[Date "2021.11.02"]
[Round "4"]
[White "Martins, Vinicius Tine"]
[Black "Estrada Nieto, Julian"]
[Result "1/2-1/2"]
[WhiteElo "2299"]
[BlackElo "2280"]
[PlyCount "88"]
[EventDate "2021.11.02"]
[EventType "swiss (blitz)"]
[EventRounds "11"]
[EventCountry "USA"]
[SourceTitle "CBM 205 Extra"]
[Source "ChessBase"]
[SourceDate "2022.01.31"]
[SourceVersion "1"]
[SourceVersionDate "2022.01.31"]
[SourceQuality "1"]

1. Nf3 d5 2. e3 Nf6 3. c4 dxc4 4. Bxc4 e6 5. d4 c5 6. Nc3 a6 7. a4 Nc6 8. 0-0 Be7 9. Qe2 cxd4 10. Rd1 e5 11. exd4 exd4 12. Bg5 0-0 13. Bxf6 Bxf6 14. Nd5 Bg4 15. h3 Bh5 16. Qe4 Re8 17. Qf4 Ne5 18. Nxf6+ Qxf6 19. Qxf6 gxf6 20. Nxe5 fxe5 21. f3 Rac8 22. b3 Bg6 23. Rd2 Kg7 24. a5 Rc5 25. g4 f6 26. Kf2 Bf7 27. Ra4 Bxc4 28. bxc4 Rec8 29. Rb2 R8c7 30. Rb6 Kf7 31. Rab4 Rxa5 32. Rxb7 Rac5 33. R7b6 a5 34. Ra4 Ra7 35. Ke2 Ke7 36. Kd3 Rd7 37. Ra6 Rb7 38. R6xa5 Rb3+ 39. Ke4 Re3+ 40. Kf5 Rxf3+ 41. Ke4 Re3+ 42. Kf5 Rf3+ 43. Ke4 Re3+ 44. Kf5 Rf3+ 1/2-1/2

[Event "Titled Tuesday intern op 02nd Nov"]
[Site "Chess.com INT"]
[Date "2021.11.02"]
[Round "10"]
[White "Potapova, Margarita"]
[Black "Martins, Vinicius Tine"]
[Result "1-0"]
[WhiteElo "2257"]
[BlackElo "2299"]
[PlyCount "59"]
[EventDate "2021.11.02"]
[EventType "swiss (blitz)"]
[EventRounds "11"]
[EventCountry "USA"]
[SourceTitle "CBM 205 Extra"]
[Source "ChessBase"]
[SourceDate "2022.01.31"]
[SourceVersion "1"]
[SourceVersionDate "2022.01.31"]
[SourceQuality "1"]

1. d4 d5 2. c4 e6 3. Nf3 Nf6 4. Nc3 Nbd7 5. Bf4 a6 6. c5 b5 7. e3 Bb7 8. Bd3 Be7 9. 0-0 0-0 10. h3 Ne4 11. Qc2 f5 12. Nxb5 axb5 13. c6 Bd6 14. cxb7 Rb8 15. Qc6 Bxf4 16. exf4 Nd6 17. Rfe1 Rf6 18. Bxb5 Nf8 19. Ba6 h6 20. Ne5 Ng6 21. Nd7 Nxf4 22. Nxb8 Rg6 23. g3 Qh4 24. Qc3 Nh5 25. Re3 f4 26. Nd7 fxe3 27. b8Q+ Kh7 28. Nf8+ Kg8 29. Nxg6+ Kh7 30. Nxh4 1-0

[Event "Titled Tuesday intern op 02nd Nov"]
[Site "Chess.com INT"]
[Date "2021.11.02"]
[Round "5"]
[White "Rustemov, Alexander"]
[Black "Martins, Vinicius Tine"]
[Result "1-0"]
[WhiteElo "2525"]
[BlackElo "2299"]
[PlyCount "73"]
[EventDate "2021.11.02"]
[EventType "swiss (blitz)"]
[EventRounds "11"]
[EventCountry "USA"]
[SourceTitle "CBM 205 Extra"]
[Source "ChessBase"]
[SourceDate "2022.01.31"]
[SourceVersion "1"]
[SourceVersionDate "2022.01.31"]
[SourceQuality "1"]

1. d4 d5 2. c4 e6 3. Nc3 Nf6 4. cxd5 exd5 5. Bg5 c6 6. e3 Bf5 7. Qf3 Bg6 8. Bxf6 gxf6 9. Qd1 Nd7 10. Bd3 Bd6 11. Nge2 0-0 12. Ng3 Re8 13. Nf5 Nf8 14. h4 Bxf5 15. Bxf5 Qb6 16. 0-0 Qxb2 17. Ne2 Re7 18. a4 Qb6 19. Qd3 Qc7 20. g3 Rd8 21. Rfc1 h6 22. Kg2 Rde8 23. Rc2 Ne6 24. Rb1 Ng7 25. Bg4 h5 26. Bf3 Qc8 27. a5 Nf5 28. Bxh5 Nxe3+ 29. fxe3 Rxe3 30. Qd1 Qf5 31. Ng1 Rxg3+ 32. Kh1 Qe4+ 33. Bf3 Qxh4+ 34. Rh2 Qg5 35. Rbb2 Re3 36. Rbg2 Rxg2 37. Rxg2 1-0

[Event "Titled Tuesday intern op 26th Oct"]
[Site "Chess.com INT"]
[Date "2021.10.26"]
[Round "9"]
[White "Karttunen, Mika"]
[Black "Martins, Vinicius Tine"]
[Result "0-1"]
[WhiteElo "2485"]
[BlackElo "2299"]
[PlyCount "74"]
[EventDate "2021.10.26"]
[EventType "swiss (blitz)"]
[EventRounds "11"]
[EventCountry "USA"]
[SourceTitle "CBM 204 Extra"]
[Source "ChessBase"]
[SourceDate "2021.11.30"]
[SourceVersion "1"]
[SourceVersionDate "2021.11.30"]
[SourceQuality "1"]

1. e4 c5 2. Nf3 Nc6 3. d4 cxd4 4. Nxd4 g6 5. c4 Nf6 6. Nc3 d6 7. Nc2 Bg7 8. Be2 0-0 9. 0-0 Nd7 10. Be3 Bxc3 11. bxc3 b6 12. f4 Bb7 13. e5 dxe5 14. f5 Nf6 15. Qe1 Rc8 16. Qh4 Na5 17. Rad1 Qc7 18. Bg5 Nxc4 19. Rd3 Qc6 20. Rg3 Ne4 21. Bf3 Qc5+ 22. Nd4 Nxg3 23. Bxe7 Nxf5 24. Bxc5 Nxh4 25. Bxf8 exd4 26. Bxb7 Rxf8 27. cxd4 Nf5 28. d5 Ncd6 29. Bc6 Ne7 30. Re1 Nxc6 31. dxc6 Rc8 32. Rc1 Rc7 33. Kf2 Nc8 34. Ke3 Ne7 35. Kd4 Rxc6 36. Re1 Re6 37. Rg1 Kf8 0-1

[Event "Titled Tuesday intern op 26th Oct"]
[Site "Chess.com INT"]
[Date "2021.10.26"]
[Round "7"]
[White "Papasimakopoulos, Alexandros"]
[Black "Martins, Vinicius Tine"]
[Result "1/2-1/2"]
[WhiteElo "2248"]
[BlackElo "2299"]
[PlyCount "134"]
[EventDate "2021.10.26"]
[EventType "swiss (blitz)"]
[EventRounds "11"]
[EventCountry "USA"]
[SourceTitle "CBM 204 Extra"]
[Source "ChessBase"]
[SourceDate "2021.11.30"]
[SourceVersion "1"]
[SourceVersionDate "2021.11.30"]
[SourceQuality "1"]

1. d4 d5 2. c4 e6 3. Nc3 Nf6 4. cxd5 exd5 5. Bg5 c6 6. e3 Be7 7. Bd3 Nbd7 8. Qc2 Nf8 9. Nf3 g6 10. 0-0 Ne6 11. Bxf6 Bxf6 12. b4 0-0 13. Na4 a6 14. Nc5 Ng5 15. Nxg5 Bxg5 16. a4 Be7 17. b5 axb5 18. axb5 Rxa1 19. Rxa1 Bd6 20. bxc6 bxc6 21. g3 Qb6 22. Rc1 Bxc5 23. Qxc5 Qxc5 24. Rxc5 Bd7 25. Ra5 Rb8 26. Ra1 Rb7 27. h4 h5 28. Kg2 Kg7 29. Ra6 Kf6 30. e4 dxe4 31. Bxe4 Rb4 32. Bxc6 Bxc6+ 33. Rxc6+ Ke7 34. Rc7+ Kf6 35. d5 Rd4 36. Rd7 Rd2 37. Kf3 Rd1 38. Ke2 Rd4 39. Ke3 Rd1 40. Ke4 Re1+ 41. Kf4 Rd1 42. f3 Rd2 43. Ke4 Re2+ 44. Kd3 Rg2 45. Ke4 Rxg3 46. Ra7 Rh3 47. Ra6+ Ke7 48. Ke5 Rxf3 49. d6+ Kd8 50. Ra8+ Kd7 51. Ra7+ Kd8 52. Rb7 Rf5+ 53. Ke4 f6 54. Rg7 Re5+ 55. Kd4 g5 56. Rg6 gxh4 57. Rxf6 Ra5 58. Ke3 Kd7 59. Kf3 Ra3+ 60. Kg2 Rg3+ 61. Kh2 Kc6 62. Rh6 Kd7 63. Rxh5 Rg6 64. Rxh4 Rxd6 65. Rh7+ Kc6 66. Rh5 Rd5 67. Rxd5 Kxd5 1/2-1/2